প্লেটোর রিপাবলিক / (Record no. 36716)
[ view plain ]
| 000 -LEADER | |
|---|---|
| fixed length control field | 01009nam a22002657a 4500 |
| 001 - CONTROL NUMBER | |
| control field | 36716 |
| 003 - CONTROL NUMBER IDENTIFIER | |
| rucl marc code | BD-RjUL |
| 005 - DATE AND TIME OF LATEST TRANSACTION | |
| control field | 20211209052527.0 |
| 008 - FIXED-LENGTH DATA ELEMENTS--GENERAL INFORMATION | |
| fixed length control field | 160804s1973 bg ||||| |||| 00| 0 ben d |
| 035 ## - SYSTEM CONTROL NUMBER | |
| System control number | (BD-RjUL) 36817 |
| 040 ## - CATALOGING SOURCE | |
| Original cataloging agency | BD-RjUL |
| Language of cataloging | ben |
| Transcribing agency | BD-RjUL |
| 041 ## - LANGUAGE CODE | |
| Language code of text/sound track or separate title | ben |
| 082 ## - DEWEY DECIMAL CLASSIFICATION NUMBER | |
| Classification number | 321.07 |
| Author mark and year | PLP 1973 |
| 100 ## - MAIN ENTRY--PERSONAL NAME | |
| Personal name | প্লেটো |
| 9 (RLIN) | 119817 |
| 245 10 - TITLE STATEMENT | |
| Title | প্লেটোর রিপাবলিক / |
| Statement of responsibility, etc. | প্লেটো; সৈয়দ মকসুদ আলী অনুদিত, |
| 260 ## - PUBLICATION, DISTRIBUTION, ETC. (IMPRINT) | |
| Place of publication, distribution, etc. | ঢাকা : |
| Name of publisher, distributor, etc. | বাংলা একাডেমী, |
| Date of publication, distribution, etc. | ১৯৭৩ |
| 300 ## - PHYSICAL DESCRIPTION | |
| Pagination | [১০], ৩৭০ পৃ. ; |
| Size | ২২সেমি. |
| 504 ## - BIBLIOGRAPHY, ETC. NOTE | |
| Bibliography, etc | তথ্য নিদেশ সংযুক্ত |
| 600 ## - SUBJECT ADDED ENTRY--PERSONAL NAME | |
| Personal name | প্লেটো |
| Title of a work | রিপাবলিক |
| Personal name | Plato |
| Title of a work | Rrepublic |
| 650 ## - SUBJECT ADDED ENTRY--TOPICAL TERM | |
| Topical term or geographic name as entry element | রিপাবলিক |
| 9 (RLIN) | 111972 |
| Topical term or geographic name as entry element | Republic |
| 9 (RLIN) | 111973 |
| 700 ## - ADDED ENTRY--PERSONAL NAME | |
| Personal name | আলী, সৈয়দ মকসুদ, অনু. |
| 942 ## - ADDED ENTRY ELEMENTS (KOHA) | |
| Source of classification or shelving scheme | Dewey Decimal Classification |
| Koha item type | Books |
| Lost status | Source of classification or shelving scheme | Damaged status | Not for loan | Collection code | Permanent Location | Current Location | Shelving location | Date acquired | Source of acquisition | Cost, normal purchase price | Total Checkouts | Full call number | Date last seen | Date checked out | Copy number | Koha item type | Total Renewals |
|---|---|---|---|---|---|---|---|---|---|---|---|---|---|---|---|---|---|
| Dewey Decimal Classification | Non-fiction | Central Library, University of Rajshahi | Central Library, University of Rajshahi | 22/01/1975 | Bangla Academy | 12.00 | 2 | B 321.07 PLP 1973 | 13/10/2025 | 06/10/2025 | C-2 | Books | |||||
| Dewey Decimal Classification | Non-fiction | Central Library, University of Rajshahi | Central Library, University of Rajshahi | 22/01/1975 | Bangla Academy | 12.00 | 5 | B 321.07 PLP 1973 | 26/08/2025 | 13/08/2025 | C-3 | Books | |||||
| Dewey Decimal Classification | Non-fiction | Central Library, University of Rajshahi | Central Library, University of Rajshahi | 22/01/1975 | Bangla Academy | 12.00 | 4 | B 321.07 PLP 1973 | 10/03/2025 | 04/03/2025 | C-4 | Books | |||||
| Dewey Decimal Classification | Non-fiction | Central Library, University of Rajshahi | Central Library, University of Rajshahi | 22/01/1975 | Bangla Academy | 12.00 | 4 | B 321.07 PLP 1973 | 15/03/2020 | 15/03/2020 | C-5 | Books | 1 | ||||
| Dewey Decimal Classification | Non-fiction | Central Library, University of Rajshahi | Central Library, University of Rajshahi | 22/01/1975 | Bangla Accademi | 12.00 | 1 | B 321.07 PLP 1973 | 27/03/2022 | 28/02/2022 | C-6 | Books | |||||
| Dewey Decimal Classification | Not For Loan | Non-fiction | Central Library, University of Rajshahi | Central Library, University of Rajshahi | Reading Room | 04/07/1974 | Islamic Foundation Dhaka | 12.00 | B 321.07 PLP 1973 | 17/12/2016 | C-1 | Books |